000 00541nam a2200229Ia 4500
003 OSt
005 20221007082459.0
006 a|||||r|||| 00| 0
007 ta
008 221006b |||||||| |||| 00| 0 eng d
024 _a5,667
037 _cTextual
040 _aFLL
_cFLL
_beng
041 _2eng
_aeng
082 _aZ2,94, M4
100 _aMonir
_9698977
245 0 _aIndian evidence act, 1972
260 _c1984
300 _axxiv,859p
_ccm.
942 _hZ2,94, M4
_cTEXL
_2CC
999 _c1166571
_d1166571